[Event "Cracovia 2008 op A"]
[Site "Krakow"]
[Date "2008.12.27"]
[Round "1.1"]
[White "Gajewski, Grzegorz"]
[Black "Klekowski, Maciej"]
[Result "1-0"]
[WhiteElo "2577"]
[BlackElo "2201"]
[PlyCount "99"]
[EventDate "2008.??.??"]

1. d4 d5 2. Nf3 Nf6 3. c4 e6 4. Nc3 Be7 5. Bg5 Nbd7 6. cxd5 exd5 7. e3 O-O 8.
Bd3 Re8 9. O-O Nf8 10. Qc2 c6 11. h3 Ne4 12. Bxe7 Qxe7 13. Bxe4 dxe4 14. Nd2
Bf5 15. Ne2 Rad8 16. Rfc1 Qg5 17. Ng3 Bg6 18. Qb3 Re7 19. Rc5 Qh4 20. Qa3 a6
21. Rac1 h6 22. Rf5 Ne6 23. Rh5 Bxh5 24. Nf5 Qg5 25. Nxe7+ Kh7 26. Nxe4 Qh4 27.
Ng3 g6 28. Qb4 Rd7 29. Nxh5 c5 30. Qb3 Rxe7 31. d5 Qxh5 32. dxe6 fxe6 33. Qb6
Kg7 34. Qd6 Qh4 35. Rxc5 Rf7 36. Qd2 Qe7 37. Rc8 e5 38. Rd8 Qe6 39. b3 Qf5 40.
Qb2 Qf6 41. Re8 Rd7 42. Qxe5 Qxe5 43. Rxe5 Rd1+ 44. Kh2 Kf6 45. Re4 Rd2 46.
Rf4+ Ke5 47. a4 Rb2 48. Rb4 Rxf2 49. Rxb7 Rf6 50. a5 1-0

[Event "Cracovia 2008 op A"]
[Site "Krakow"]
[Date "2008.12.27"]
[Round "1.2"]
[White "Slabek, Grzegorz"]
[Black "Picard, Romain"]
[Result "1/2-1/2"]
[WhiteElo "2192"]
[BlackElo "371"]
[PlyCount "91"]
[EventDate "2008.??.??"]

1. d4 Nf6 2. Nf3 g6 3. b4 Bg7 4. Bb2 O-O 5. e3 b6 6. Be2 Bb7 7. O-O d6 8. c4
Ne4 9. Qc2 Nd7 10. Nbd2 Nxd2 11. Nxd2 c5 12. dxc5 Bxb2 13. Qxb2 dxc5 14. b5 Qc7
15. Bf3 Rfd8 16. Rfd1 a6 17. a4 Ne5 18. Bxb7 Nd3 19. Qb3 Qxb7 20. Nf3 Nb4 21.
Rxd8+ Rxd8 22. Rd1 Rxd1+ 23. Qxd1 axb5 24. Qd8+ Kg7 25. axb5 Qe4 26. h4 Qe6 27.
Qc7 Nd3 28. Qd8 Nb2 29. Nd2 h5 30. g3 Nd1 31. Qd3 Qf6 32. Qe2 Nb2 33. Ne4 Qe5
34. Qc2 Na4 35. Qxa4 Qxe4 36. Qa7 Qe6 37. Qb7 f6 38. Kg2 Kf7 39. Kg1 Kf8 40.
Qb8+ Kg7 41. Qc7 Kf7 42. Qb7 Qd6 43. Kg2 Kg7 44. Qc6 Kf7 45. Qb7 Qe6 46. Kg1
1/2-1/2

[Event "Cracovia 2008 op A"]
[Site "Krakow"]
[Date "2008.12.27"]
[Round "1.3"]
[White "Malaniuk, Vladimir P"]
[Black "Muter, Donny"]
[Result "1-0"]
[WhiteElo "2534"]
[BlackElo "2190"]
[PlyCount "77"]
[EventDate "2008.??.??"]

1. d4 d5 2. c4 e6 3. Nf3 Nf6 4. e3 Be7 5. b3 O-O 6. Bd3 a5 7. Nc3 b6 8. O-O Bb7
9. Bb2 Nbd7 10. Rc1 Ne4 11. cxd5 exd5 12. Qc2 Ndf6 13. Ne5 Rc8 14. Qe2 Nxc3 15.
Rxc3 Ne4 16. Rc2 c5 17. Rd1 Nd6 18. dxc5 bxc5 19. Ba3 Ne8 20. Ba6 Qb6 21. Bxb7
Qxb7 22. Rdc1 a4 23. Bxc5 axb3 24. axb3 Rxc5 25. Rxc5 Bxc5 26. Rxc5 f6 27. Nc6
Qxb3 28. Rxd5 Nc7 29. Rd7 Ra8 30. h3 Qe6 31. Qg4 Qxg4 32. hxg4 Ne8 33. Nd4 Rb8
34. Ne6 Ra8 35. Re7 g6 36. g5 fxg5 37. Nxg5 Ng7 38. Rb7 Rf8 39. Rxg7+ 1-0

[Event "Cracovia 2008 op A"]
[Site "Krakow"]
[Date "2008.12.27"]
[Round "1.5"]
[White "Swiercz, Dariusz"]
[Black "Kielczewski, Krzysztof"]
[Result "1-0"]
[WhiteElo "2478"]
[BlackElo "2185"]
[PlyCount "45"]
[EventDate "2008.??.??"]

1. e4 c5 2. Nf3 d6 3. d4 cxd4 4. Nxd4 Nf6 5. Nc3 g6 6. Be3 Bg7 7. f3 Nc6 8. Qd2
O-O 9. O-O-O Bd7 10. g4 b5 11. Kb1 b4 12. Nd5 a5 13. h4 Ne5 14. h5 Nexg4 15.
fxg4 Nxe4 16. Qg2 Nc3+ 17. bxc3 e6 18. hxg6 fxg6 19. Qh2 h5 20. Qxd6 exd5 21.
Qxd5+ Rf7 22. Bc4 Be8 23. gxh5 1-0

[Event "Cracovia 2008 op A"]
[Site "Krakow"]
[Date "2008.12.27"]
[Round "1.6"]
[White "Zysko, Jan"]
[Black "Piorun, Kacper"]
[Result "0-1"]
[WhiteElo "2185"]
[BlackElo "2472"]
[PlyCount "78"]
[EventDate "2008.??.??"]

1. e4 c5 2. Nf3 Nc6 3. d4 cxd4 4. Nxd4 g6 5. c4 Nf6 6. Nc3 d6 7. Be2 Nxd4 8.
Qxd4 Bg7 9. Be3 O-O 10. Qd2 a5 11. O-O a4 12. Rac1 Qa5 13. Rfd1 Be6 14. f3 Rfc8
15. Nd5 Qxd2 16. Bxd2 Nxd5 17. exd5 Bd7 18. Bc3 Bh6 19. Bd2 Bxd2 20. Rxd2 b5
21. a3 Rab8 22. Rc3 b4 23. axb4 Rxb4 24. Ra3 Kg7 25. Kf2 Kf6 26. Ke3 Rcb8 27.
Ra2 g5 28. g3 Rb3+ 29. Kd4 e5+ 30. dxe6 fxe6 31. Bd3 R8b4 32. Rc2 e5+ 33. Ke3
Bf5 34. Rc3 Rxb2 35. Rxb2 Rxb2 36. Bxf5 Kxf5 37. Ra3 Rb3+ 38. Rxb3 axb3 39. Kd3
g4 0-1

[Event "Cracovia 2008 op A"]
[Site "Krakow"]
[Date "2008.12.27"]
[Round "1.7"]
[White "Orzech, Dominik"]
[Black "Obrusnik, Michal"]
[Result "0-1"]
[WhiteElo "2462"]
[BlackElo "2181"]
[PlyCount "116"]
[EventDate "2008.??.??"]

1. Nf3 c5 2. c4 Nc6 3. d4 cxd4 4. Nxd4 g6 5. g3 Bg7 6. Nc2 Nf6 7. Bg2 Qa5+ 8.
Nc3 d6 9. O-O Qh5 10. e4 Qxd1 11. Rxd1 O-O 12. h3 Be6 13. Nd5 Rac8 14. Bg5 Bxd5
15. cxd5 Ne5 16. Nd4 h6 17. Be3 Nc4 18. Bc1 Nd7 19. b3 Ncb6 20. Bb2 Rc5 21. Rd2
Rfc8 22. Rad1 a6 23. h4 Kf8 24. Bh3 Ke8 25. Ba3 Rc3 26. Bb4 Rc1 27. Kg2 Rxd1
28. Rxd1 Rc7 29. Ba5 Rc5 30. Bb4 Rc7 31. Rd2 Nc8 32. f3 Na7 33. h5 gxh5 34. Nf5
Bc3 35. Rc2 Nb5 36. Bxc3 Rxc3 37. Re2 Ne5 38. f4 Nd3 39. e5 dxe5 40. fxe5 Rc1
41. e6 f6 42. Rd2 Ne5 43. Ng7+ Kf8 44. Nxh5 Nd6 45. Nf4 Kg7 46. Ne2 Rc5 47. Nf4
b5 48. Re2 Rc3 49. g4 Nd3 50. Nh5+ Kg6 51. Re3 Kg5 52. Kg3 b4 53. Ng7 Nf4 54.
Kf3 Nxh3 55. Nf5 Nxf5 56. gxf5 Kxf5 57. d6 Rxe3+ 58. Kxe3 Kxe6 0-1

[Event "Cracovia 2008 op A"]
[Site "Krakow"]
[Date "2008.12.27"]
[Round "1.8"]
[White "Sadzikowski, Daniel"]
[Black "Kanarek, Marcel"]
[Result "1/2-1/2"]
[WhiteElo "2178"]
[BlackElo "2458"]
[PlyCount "76"]
[EventDate "2008.??.??"]

1. e4 e5 2. Nf3 Nc6 3. Bb5 a6 4. Ba4 d6 5. O-O g6 6. d4 b5 7. Bb3 Bg7 8. Ng5
Nh6 9. dxe5 dxe5 10. Qxd8+ Nxd8 11. Nc3 c6 12. f4 f6 13. Nf3 exf4 14. Bxf4 Ne6
15. Bg3 Bd7 16. e5 O-O-O 17. Ne4 f5 18. Nd6+ Kc7 19. Bxe6 Bxe6 20. Ng5 Bd5 21.
Rad1 Bf8 22. Rxd5 cxd5 23. Ne6+ Kd7 24. Nxd8 Bxd6 25. exd6 Rxd8 26. Rd1 Nf7 27.
Rxd5 Kc6 28. Rd3 Nxd6 29. Kf1 Rd7 30. Bxd6 Rxd6 31. Rc3+ Kb6 32. Ke2 a5 33. Rh3
Rd7 34. Re3 b4 35. Re6+ Kb5 36. Re5+ Kb6 37. Re6+ Kb5 38. Re5+ Kb6 1/2-1/2

[Event "Cracovia 2008 op A"]
[Site "Krakow"]
[Date "2008.12.27"]
[Round "1.9"]
[White "Sharapov, Evgeny"]
[Black "Dragun, Kamil"]
[Result "1-0"]
[WhiteElo "2427"]
[BlackElo "2174"]
[PlyCount "165"]
[EventDate "2008.??.??"]

1. e4 c5 2. Nf3 d6 3. d4 cxd4 4. Nxd4 Nf6 5. Nc3 Nc6 6. g3 g6 7. Nde2 Bg7 8.
Bg2 O-O 9. O-O Bd7 10. h3 a6 11. a4 Rb8 12. Nd5 b5 13. axb5 axb5 14. Bg5 Nxd5
15. exd5 Ne5 16. Nd4 h6 17. Bc1 Qc8 18. Kh2 b4 19. b3 Qc3 20. Be3 g5 21. Ra7
Ra8 22. Ne2 Qc8 23. Rxa8 Qxa8 24. f4 gxf4 25. Nxf4 Qc8 26. Rf2 Bf5 27. Qd2 Qc3
28. Qxc3 bxc3 29. Nh5 Bg6 30. Nxg7 Kxg7 31. Bd4 Rc8 32. g4 f6 33. Kg3 h5 34.
gxh5 Bxh5 35. Be4 Nf7 36. Kf4 Ng5 37. Bf5 Rc7 38. h4 Nf7 39. Rg2+ Kf8 40. Rg3
Nh6 41. Be4 f5 42. Bg2 Bd1 43. Bg7+ Ke8 44. Bxh6 Bxc2 45. Bg7 Bxb3 46. Rxc3 e5+
47. dxe6 Rxg7 48. Bc6+ Ke7 49. Rxb3 Kxe6 50. Bf3 Kf6 51. Rb5 Kg6 52. Rxf5 Rc7
53. h5+ Kg7 54. Rd5 Rc4+ 55. Be4 Rc5 56. Rxd6 Rxh5 57. Bf5 Rh1 58. Kg5 Rg1+ 59.
Bg4 Kf7 60. Rd7+ Ke8 61. Ra7 Kd8 62. Rh7 Rg2 63. Kf4 Rg1 64. Bf5 Re1 65. Be4
Rd1 66. Ke5 Rd7 67. Rh8+ Kc7 68. Bd5 Rd8 69. Rh1 Kb6 70. Kd4 Rc8 71. Rh7 Rc7
72. Rh8 Ra7 73. Rh6+ Kc7 74. Rc6+ Kd7 75. Ke5 Ra1 76. Rc2 Re1+ 77. Be4 Rd1 78.
Bf5+ Ke7 79. Rc7+ Kd8 80. Rh7 Re1+ 81. Kf6 Re7 82. Rh1 Re2 83. Rc1 1-0

[Event "Cracovia 2008 op A"]
[Site "Krakow"]
[Date "2008.12.27"]
[Round "1.10"]
[White "Warakomska, Anna"]
[Black "Lubczynski, Rafal"]
[Result "0-1"]
[WhiteElo "2169"]
[BlackElo "2423"]
[PlyCount "136"]
[EventDate "2008.??.??"]

1. e4 d6 2. d4 Nf6 3. Nc3 e5 4. Nf3 Nbd7 5. Bc4 Be7 6. O-O O-O 7. h3 a6 8. dxe5
dxe5 9. a3 c6 10. Qe2 b5 11. Bb3 Qc7 12. Rd1 Nc5 13. Ba2 a5 14. Bg5 b4 15. Bxf6
Bxf6 16. Nb1 Rb8 17. Bc4 Na4 18. b3 Nb2 19. Re1 Nxc4 20. Qxc4 Be7 21. axb4 Be6
22. Qe2 axb4 23. Nbd2 f6 24. Nc4 Bc5 25. Red1 Ra8 26. Ne3 Qb6 27. Nc4 Qb5 28.
Rxa8 Rxa8 29. Qd3 g6 30. Rd2 Be7 31. Kh2 Ra1 32. Ne3 Qxd3 33. Rxd3 Kf7 34. Nd2
Ra2 35. Ndc4 Bc5 36. Rd8 Bxc4 37. Nxc4 Bxf2 38. Rd7+ Kg8 39. Rd6 c5 40. Rxf6
Bd4 41. Re6 Kf7 42. Rc6 Rxc2 43. Nd6+ Ke7 44. Nb5 Rb2 45. Rc7+ Kf6 46. h4 Re2
47. Rc6+ Ke7 48. Rc7+ Kd8 49. Rxh7 Rxe4 50. Nd6 Rf4 51. Kh3 Rf6 52. Ne4 Rb6 53.
Nd2 e4 54. Nxe4 Re6 55. Ng5 Re3+ 56. Nf3 Rxb3 57. Kg4 Rd3 58. Kg5 b3 59. Rb7 c4
60. Kxg6 Rxf3 61. gxf3 b2 62. h5 c3 63. Rb4 Ke7 64. h6 c2 65. Rxd4 c1=Q 66. h7
b1=Q+ 67. Re4+ Qxe4+ 68. fxe4 Qc3 0-1

[Event "Cracovia 2008 op A"]
[Site "Krakow"]
[Date "2008.12.27"]
[Round "1.11"]
[White "Pedersen, Nicolai Vesterbaek"]
[Black "Englert, Jan"]
[Result "1-0"]
[WhiteElo "2417"]
[BlackElo "2162"]
[PlyCount "61"]
[EventDate "2008.??.??"]

1. d4 d6 2. e4 Nf6 3. Nc3 Nbd7 4. Nf3 e5 5. Bc4 Be7 6. O-O O-O 7. Re1 c6 8. a4
b6 9. b3 a6 10. Bd3 Re8 11. Bb2 Bf8 12. Ne2 Qc7 13. Ng3 Bb7 14. c4 g6 15. Qd2
Bg7 16. Rad1 Rad8 17. d5 c5 18. a5 Rf8 19. Rf1 Ra8 20. Ra1 Rfb8 21. axb6 Qxb6
22. Bc2 Bc8 23. Bc3 Qd8 24. h3 Nf8 25. Qe3 h6 26. Nd2 Kh7 27. f4 exf4 28. Qxf4
N8d7 29. Qxd6 Rb6 30. Ba5 Rxd6 31. Bxd8 1-0

[Event "Cracovia 2008 op A"]
[Site "Krakow"]
[Date "2008.12.27"]
[Round "1.12"]
[White "Szromba, Krzysztof"]
[Black "D`Costa, Lorin A R"]
[Result "0-1"]
[WhiteElo "2158"]
[BlackElo "2411"]
[PlyCount "98"]
[EventDate "2008.??.??"]

1. d4 Nf6 2. c4 e6 3. Nc3 Bb4 4. Qc2 c5 5. dxc5 Bxc5 6. Nf3 Qb6 7. e3 Qc7 8.
Be2 a6 9. O-O b6 10. a3 Bb7 11. b4 Be7 12. Qb3 O-O 13. Bb2 d6 14. Rac1 Nbd7 15.
Nd2 Rac8 16. Na4 Qb8 17. Bd4 Ba8 18. Bf3 b5 19. cxb5 axb5 20. Nb2 d5 21. Nd3
Bd6 22. Bxf6 Nxf6 23. g3 e5 24. Nc5 Qa7 25. Be2 Rb8 26. Qb2 h5 27. Nf3 Qe7 28.
Rfd1 Rb6 29. Nh4 g6 30. Qb3 Kg7 31. Bf1 Rc8 32. Qb2 Rc7 33. Rc2 Ra7 34. Ng2 Kh7
35. Ne1 h4 36. f4 Ng4 37. Qc1 hxg3 38. hxg3 d4 39. exd4 exf4 40. gxf4 Bd5 41.
Bg2 Qe3+ 42. Qxe3 Nxe3 43. Bxd5 Nxd1 44. Ng2 Rxa3 45. Nd7 Ra1 46. Kh2 Rba6 47.
Nf6+ Kh6 48. Rc8 Bxf4+ 49. Nxf4 Rxf6 0-1

[Event "Cracovia 2008 op A"]
[Site "Krakow"]
[Date "2008.12.27"]
[Round "1.13"]
[White "Hnydiuk, Aleksander"]
[Black "Moryc, Ignacy"]
[Result "1-0"]
[WhiteElo "2403"]
[BlackElo "2154"]
[PlyCount "77"]
[EventDate "2008.??.??"]

1. e4 c5 2. Nf3 Nc6 3. Bb5 e6 4. Bxc6 dxc6 5. d3 Qc7 6. e5 f6 7. O-O Ne7 8. Re1
Ng6 9. Nbd2 Be7 10. b3 O-O 11. Bb2 a5 12. a4 b5 13. Qe2 Rb8 14. Qe3 Qb6 15. Bc3
Ra8 16. Ne4 Bd7 17. d4 c4 18. Nc5 Bxc5 19. dxc5 Qc7 20. bxc4 bxc4 21. Nd2 fxe5
22. Nxc4 e4 23. Rad1 e5 24. Bxa5 Rxa5 25. Nxa5 Bg4 26. Nc4 Bxd1 27. Rxd1 Kh8
28. a5 Qe7 29. g3 Qe6 30. Qxe4 Nf4 31. f3 Nh3+ 32. Kg2 Ng5 33. Qg4 e4 34. Qxe6
exf3+ 35. Kf1 Nxe6 36. a6 Ra8 37. Rd6 Nxc5 38. Nb6 Ne4 39. Rd4 1-0

[Event "Cracovia 2008 op A"]
[Site "Krakow"]
[Date "2008.12.27"]
[Round "1.14"]
[White "Skawinski, Arkadiusz"]
[Black "Brodowski, Piotr"]
[Result "1/2-1/2"]
[WhiteElo "2154"]
[BlackElo "2401"]
[PlyCount "45"]
[EventDate "2008.??.??"]

1. e4 c5 2. c3 g6 3. d4 cxd4 4. cxd4 Bg7 5. Nc3 d6 6. Nf3 Nf6 7. Be3 O-O 8. Be2
d5 9. e5 Ne8 10. h4 h5 11. Ng5 Nc7 12. g4 f6 13. exf6 exf6 14. Nh3 hxg4 15.
Bxg4 Nc6 16. h5 g5 17. h6 Bxh6 18. Bxc8 Qxc8 19. Qh5 Bg7 20. Nxg5 fxg5 21. Qh7+
Kf7 22. Qh5+ Kg8 23. Qh7+ 1/2-1/2

[Event "Cracovia 2008 op A"]
[Site "Krakow"]
[Date "2008.12.27"]
[Round "1.15"]
[White "Rudolf, Michal"]
[Black "Machlowski, Slawomir"]
[Result "1/2-1/2"]
[WhiteElo "2398"]
[BlackElo "2154"]
[PlyCount "107"]
[EventDate "2008.??.??"]

1. e4 e6 2. d4 c5 3. d5 exd5 4. exd5 d6 5. Nc3 Ne7 6. Nf3 Ng6 7. h4 Bg4 8. h5
Ne5 9. Be2 Bxf3 10. Bxf3 Be7 11. Bf4 Nbd7 12. Be2 O-O 13. Qd2 a6 14. a4 f5 15.
O-O Bf6 16. Rfe1 Qa5 17. Ra3 Rae8 18. Ne4 Qxd2 19. Nxd2 c4 20. Kf1 Rc8 21. Bxe5
Nxe5 22. f4 c3 23. Rxc3 Ng4 24. Rxc8 Rxc8 25. Bxg4 Rxc2 26. Bxf5 Rxd2 27. Rc1
Rxb2 28. Rc8+ Kf7 29. Bxh7 Bh4 30. Bc2 Bg3 31. Bg6+ Ke7 32. Rc7+ Kd8 33. Rxg7
Rf2+ 34. Ke1 Rb2+ 35. Kd1 Bxf4 36. Bc2 b5 37. axb5 axb5 38. g4 b4 39. Rf7 Be3
40. Rf6 Bg5 41. Rf5 Be3 42. Rf6 Kc7 43. Re6 Bf4 44. h6 b3 45. Be4 Rd2+ 46. Ke1
Rh2 47. h7 Bd2+ 48. Kf1 b2 49. Re7+ Kb6 50. Re8 Bc3 51. Rb8+ Kc5 52. g5 Be5 53.
g6 Kd4 54. Rb4+ 1/2-1/2

[Event "Cracovia 2008 op A"]
[Site "Krakow"]
[Date "2008.12.27"]
[Round "1.16"]
[White "Kopczyk, Daniel"]
[Black "Zude, Erik"]
[Result "0-1"]
[WhiteElo "2153"]
[BlackElo "2396"]
[PlyCount "74"]
[EventDate "2008.??.??"]

1. d4 d5 2. c4 dxc4 3. Nf3 Nf6 4. e3 e6 5. Bxc4 c5 6. O-O a6 7. a4 Nc6 8. Qe2
cxd4 9. Rd1 Be7 10. exd4 O-O 11. Nc3 Nd5 12. Bd3 Re8 13. Ne4 Bd7 14. Bb1 Rc8
15. h4 h6 16. Ng3 Bd6 17. Qd3 f5 18. Bd2 Qb6 19. Ba2 Bxg3 20. fxg3 Ncb4 21.
Bxb4 Nxb4 22. Qb3 Bc6 23. a5 Qb5 24. Qxe6+ Kh8 25. Ne5 Rxe6 26. Bxe6 Qe2 27.
Ng6+ Kh7 28. Nf4 Qe3+ 29. Kh2 Rf8 30. d5 Bb5 31. h5 Be8 32. Re1 Qc5 33. Rac1
Qd6 34. Rc8 g5 35. Rxe8 Rxe8 36. Bxf5+ Kg7 37. Rxe8 gxf4 0-1

[Event "Cracovia 2008 op A"]
[Site "Krakow"]
[Date "2008.12.27"]
[Round "1.17"]
[White "Bobula, Mateusz"]
[Black "Mrva, Vladimir"]
[Result "1-0"]
[WhiteElo "2395"]
[BlackElo "2149"]
[PlyCount "69"]
[EventDate "2008.??.??"]

1. d4 Nf6 2. c4 e6 3. Nf3 b6 4. g3 Bb7 5. Bg2 Be7 6. O-O O-O 7. Nc3 Ne4 8. Bd2
f5 9. d5 c5 10. Ne1 Nxd2 11. Qxd2 Bg5 12. f4 Bf6 13. e4 Bd4+ 14. Kh1 fxe4 15.
Nxe4 e5 16. Nf3 d6 17. Neg5 Rf6 18. Ne6 Qe7 19. fxe5 dxe5 20. Nfxd4 exd4 21.
Rxf6 gxf6 22. d6 Qd7 23. Nc7 Nc6 24. Nxa8 Qxd6 25. Re1 Qd8 26. Bd5+ Kg7 27. Qg2
Qxa8 28. Re6 Na5 29. Bxb7 Qxb7 30. Qxb7+ Nxb7 31. Re7+ Kg6 32. Rxb7 Kf5 33. Re7
a6 34. Kg2 b5 35. b3 1-0

[Event "Cracovia 2008 op A"]
[Site "Krakow"]
[Date "2008.12.27"]
[Round "1.18"]
[White "Zakoscielna, Kinga"]
[Black "Bulski, Krzysztof"]
[Result "1-0"]
[WhiteElo "2147"]
[BlackElo "2392"]
[PlyCount "89"]
[EventDate "2008.??.??"]

1. e4 c5 2. Nf3 d6 3. d4 cxd4 4. Nxd4 Nf6 5. Nc3 a6 6. Bg5 Nbd7 7. f4 b5 8. Qf3
Bb7 9. O-O-O Rc8 10. Bxf6 Nxf6 11. Nd5 e6 12. Nxf6+ gxf6 13. Kb1 f5 14. Bd3 Bg7
15. Qe3 fxe4 16. Bxe4 Bxe4 17. Qxe4 O-O 18. f5 d5 19. Qg4 e5 20. Ne2 Rc4 21.
Qh3 Qf6 22. Rxd5 e4 23. Qb3 Rfc8 24. c3 b4 25. Rhd1 bxc3 26. Nxc3 Bf8 27. Rc1
Rb4 28. Qc2 Bh6 29. a3 Rbc4 30. Nxe4 Qb6 31. Qxc4 Rxc4 32. Rxc4 Bf8 33. f6 h6
34. Ka2 Kh7 35. g4 Qe6 36. Rcd4 Kg6 37. h3 Kh7 38. h4 Kg6 39. h5+ Kh7 40. g5 a5
41. Kb1 a4 42. g6+ Kg8 43. Rd8 Qg4 44. Rxf8+ Kxf8 45. Rd8# 1-0

[Event "Cracovia 2008 op A"]
[Site "Krakow"]
[Date "2008.12.27"]
[Round "1.19"]
[White "Czerwonski, Aleksander"]
[Black "Markowski, Piotr"]
[Result "1-0"]
[WhiteElo "2391"]
[BlackElo "2145"]
[PlyCount "76"]
[EventDate "2008.??.??"]

1. d4 Nf6 2. c4 e6 3. Nf3 c5 4. d5 b5 5. Bg5 exd5 6. cxd5 d6 7. e4 a6 8. a4 Be7
9. Nbd2 Nxd5 10. Bxe7 Qxe7 11. axb5 O-O 12. Be2 Nf4 13. O-O d5 14. Re1 Nxe2+
15. Rxe2 d4 16. b4 cxb4 17. Nxd4 Rd8 18. N2b3 Bg4 19. f3 Be6 20. Rd2 Qa7 21.
Kh1 Bc4 22. Nf5 Rxd2 23. Qxd2 Qd7 24. Qxb4 axb5 25. Rc1 Nc6 26. Qc3 f6 27. h3
Ra3 28. Qd2 Qc7 29. Nc5 Ne5 30. Ne6 Qb6 31. Nexg7 Nd3 32. Qh6 Nf2+ 33. Kh2 Qc7+
34. Kg1 Qa7 35. Kh2 Qb8+ 36. Ng3 Nxe4 37. N7h5 Ra7 38. fxe4 Kh8 1-0

[Event "Cracovia 2008 op A"]
[Site "Krakow"]
[Date "2008.12.27"]
[Round "1.20"]
[White "Barski, Radoslaw"]
[Black "Marszalek, Maciej"]
[Result "1/2-1/2"]
[WhiteElo "2143"]
[BlackElo "2383"]
[PlyCount "132"]
[EventDate "2008.??.??"]

1. e4 c5 2. Nf3 e6 3. d4 cxd4 4. Nxd4 a6 5. Nc3 Qc7 6. Bd3 Nf6 7. O-O Nc6 8.
Nb3 Be7 9. f4 d6 10. Qe2 b5 11. Bd2 Bb7 12. a4 b4 13. Na2 d5 14. e5 Nd7 15. Kh1
Nc5 16. Nxc5 Bxc5 17. Qe1 Qe7 18. Nc1 Na5 19. b3 Nc6 20. f5 Bd4 21. Ra2 Bxe5
22. fxe6 fxe6 23. Bb5 Bd6 24. Bxc6+ Bxc6 25. Nd3 a5 26. Ne5 Bd7 27. Rf7 Qxf7
28. Nxf7 Kxf7 29. c3 bxc3 30. Bxc3 Rhf8 31. Be5 Bxe5 32. Qxe5 Kg8 33. h3 Rf6
34. Rc2 Be8 35. Rc7 Bg6 36. Re7 Bf5 37. Qc7 Rg6 38. Qc6 Rf8 39. Re8 Rgf6 40.
Rxf8+ Rxf8 41. Qc5 Ra8 42. Kg1 h6 43. Qb6 Kh7 44. Qb7 Rd8 45. Qc7 Ra8 46. Qb7
Rd8 47. Qb6 Ra8 48. Kf2 Be4 49. Ke3 Bxg2 50. Qxe6 Rb8 51. Qf5+ Kh8 52. Qc2 Be4
53. Qc3 Rb4 54. Kd2 d4 55. Qc8+ Kh7 56. Qe6 Bg6 57. Qd5 h5 58. Qxa5 Rxb3 59.
Qc5 Rb2+ 60. Kd1 d3 61. a5 Ra2 62. Qd5 Ra4 63. Qb5 Ra1+ 64. Kd2 Ra2+ 65. Kd1
Rh2 66. Qd5 Rf2 1/2-1/2

[Event "Cracovia 2008 op A"]
[Site "Krakow"]
[Date "2008.12.27"]
[Round "1.21"]
[White "Panocki, Adrian"]
[Black "Kuciel, Wladyslaw"]
[Result "1-0"]
[WhiteElo "2381"]
[BlackElo "2142"]
[PlyCount "47"]
[EventDate "2008.??.??"]

1. e4 c5 2. Nf3 d6 3. d4 cxd4 4. Nxd4 Nf6 5. Nc3 a6 6. Bc4 e6 7. O-O Nbd7 8.
Bxe6 fxe6 9. Nxe6 Qb6 10. Be3 Nc5 11. Nxf8 Rxf8 12. e5 Ng4 13. exd6 Nxe3 14.
Qh5+ g6 15. Qe5+ Be6 16. fxe3 O-O-O 17. Ne4 Nd7 18. Qxe6 Qxe3+ 19. Kh1 Qe2 20.
Rfe1 Qb5 21. Nc3 Qxb2 22. Qc4+ Kb8 23. Qc7+ Ka7 24. Rab1 1-0

[Event "Cracovia 2008 op A"]
[Site "Krakow"]
[Date "2008.12.27"]
[Round "1.22"]
[White "Muc, Marcin"]
[Black "Nurkiewicz, Maciej"]
[Result "0-1"]
[WhiteElo "2139"]
[BlackElo "2380"]
[PlyCount "110"]
[EventDate "2008.??.??"]

1. d4 Nf6 2. Nf3 d5 3. c4 dxc4 4. g3 a6 5. Bg2 b5 6. Ne5 Ra7 7. a4 Bb7 8. Bxb7
Rxb7 9. O-O e6 10. axb5 axb5 11. Ra8 Rb6 12. b3 cxb3 13. Nc3 Be7 14. Qxb3 O-O
15. Rd1 Qc8 16. Ra5 c6 17. Bd2 Rd8 18. e3 Nbd7 19. Nd3 c5 20. dxc5 Nxc5 21.
Nxc5 Qxc5 22. Be1 Rdb8 23. Rb1 Nd5 24. Nxd5 Qxd5 25. Qxd5 exd5 26. Kf1 f5 27.
Ke2 Kf7 28. Kd3 Ke6 29. Bc3 Bf6 30. Bxf6 Kxf6 31. Kd4 Ke6 32. Kc5 b4 33. Kd4 b3
34. Rb2 g5 35. Ra3 g4 36. Ra7 R8b7 37. Ra8 Rb8 38. Ra7 R8b7 39. Ra8 Rc6 40. Kd3
Kd6 41. Ra3 Rcb6 42. Kc3 Ke5 43. Kd3 Rb8 44. Ra7 Rh6 45. Ra3 Rxh2 46. Ke2 h5
47. Kf1 h4 48. gxh4 g3 49. Raxb3 Rxb3 50. Rxb3 Rxf2+ 51. Kg1 Ke4 52. Ra3 Rh2
53. Rb3 d4 54. exd4 f4 55. Rb4 f3 0-1

[Event "Cracovia 2008 op A"]
[Site "Krakow"]
[Date "2008.12.27"]
[Round "1.23"]
[White "Leniart, Arkadiusz"]
[Black "Tofil, Borys"]
[Result "1-0"]
[WhiteElo "2368"]
[BlackElo "2132"]
[PlyCount "77"]
[EventDate "2008.??.??"]

1. Nf3 g6 2. c4 Bg7 3. Nc3 d6 4. d4 f5 5. h4 Nf6 6. Bg5 Ne4 7. Qc2 Nxg5 8. hxg5
c5 9. d5 Qa5 10. Nd2 Na6 11. e3 Bd7 12. Nb3 Qc7 13. a3 O-O-O 14. O-O-O Kb8 15.
Bd3 e5 16. dxe6 Bxe6 17. Be2 Qe7 18. Bf3 b6 19. Nd5 Qxg5 20. Na5 Rc8 21. Nf4
Qe7 22. Nc6+ Rxc6 23. Bxc6 Bc8 24. Bf3 Nc7 25. Rd2 g5 26. Nd5 Nxd5 27. Bxd5 h6
28. Qd3 Rd8 29. g3 Qe5 30. f4 Qf6 31. Re1 h5 32. Bf3 g4 33. Bg2 Be6 34. e4 Qd4
35. Qc2 Qxc4 36. Qxc4 Bxc4 37. e5 h4 38. Rxd6 Rh8 39. Rd7 1-0

[Event "Cracovia 2008 op A"]
[Site "Krakow"]
[Date "2008.12.27"]
[Round "1.24"]
[White "Czarnecki, Wojciech"]
[Black "Motyka, Michal"]
[Result "0-1"]
[WhiteElo "2132"]
[BlackElo "2359"]
[PlyCount "108"]
[EventDate "2008.??.??"]

1. d4 d5 2. c4 dxc4 3. e3 Nf6 4. Bxc4 e6 5. Nf3 a6 6. O-O b5 7. Bd3 Bb7 8. Nc3
Nbd7 9. b3 c5 10. Bb2 Be7 11. Qe2 O-O 12. Ne5 Nb6 13. Rad1 cxd4 14. exd4 Rc8
15. Kh1 Nbd5 16. Nxd5 Qxd5 17. f4 g6 18. Ng4 Rfd8 19. Rd2 Kg7 20. f5 exf5 21.
Ne3 Qd6 22. Bxf5 Nd5 23. Bxc8 Rxc8 24. Nxd5 Bxd5 25. Qe5+ f6 26. Qxd6 Bxd6 27.
Re2 h5 28. Rc1 Rd8 29. Kg1 h4 30. Bc3 b4 31. Be1 g5 32. Rec2 Bf4 33. Bd2 Bd6
34. Rc8 Rd7 35. Re8 Bb7 36. Rc4 a5 37. Be1 Kf7 38. Rh8 Bf8 39. Rh7+ Bg7 40. Rc5
Be4 41. Rxg7+ Kxg7 42. Rxa5 Rxd4 43. Kf2 Bd3 44. Ra7+ Kg6 45. Re7 Rf4+ 46. Ke3
Bb1 47. g3 Rf1 48. Bxb4 h3 49. g4 Bxa2 50. Bd6 Bxb3 51. Bg3 Bd1 52. Re4 Rf3+
53. Kd2 Rxg3 54. Kxd1 Rg2 0-1

[Event "Cracovia 2008 op A"]
[Site "Krakow"]
[Date "2008.12.27"]
[Round "1.25"]
[White "Gumula, Daniel"]
[Black "Sroka, Janusz"]
[Result "1/2-1/2"]
[WhiteElo "2351"]
[BlackElo "2129"]
[PlyCount "120"]
[EventDate "2008.??.??"]

1. c4 e5 2. Nc3 d6 3. g3 g6 4. Bg2 Bg7 5. b4 Nf6 6. Nf3 O-O 7. O-O Nc6 8. b5
Ne7 9. Bb2 Nd7 10. d3 h6 11. Ne1 Kh7 12. Nc2 f5 13. Nb4 Nc5 14. f4 exf4 15.
gxf4 Bd4+ 16. Kh1 a5 17. Nc2 Bg7 18. Rb1 Ng8 19. Nd5 Bxb2 20. Rxb2 Be6 21. Nce3
Bxd5 22. Nxd5 Nf6 23. d4 Nce4 24. Nxf6+ Qxf6 25. Bxe4 fxe4 26. e3 Qf5 27. Rg2
Rf6 28. Rfg1 Rg8 29. Qe1 b6 30. Qh4 Kg7 31. Qg4 Kf7 32. h4 Qxg4 33. Rxg4 Rf5
34. Kg2 Kf6 35. Kf2 Rg7 36. Ke2 Rh5 37. Kd2 Kf5 38. Kc3 Rg8 39. a4 Rg7 40. c5
d5 41. Kd2 g5 42. Ke2 Rg6 43. hxg5 hxg5 44. R1g2 Rg7 45. Kf2 Rg8 46. Rxg5+
Rhxg5 47. Rxg5+ Rxg5 48. fxg5 Kxg5 49. Kg2 Kh5 50. Kh3 Kg5 51. Kg3 Kf5 52. Kh4
Kf6 53. Kg4 Kg6 54. Kf4 Kf6 55. c6 Ke6 56. Kg5 Ke7 57. Kh5 Kf7 58. Kg5 Ke7 59.
Kf5 Kd6 60. Kg6 Ke6 1/2-1/2

[Event "Cracovia 2008 op A"]
[Site "Krakow"]
[Date "2008.12.27"]
[Round "1.26"]
[White "Kupczyk, Edyta"]
[Black "Aliavdin, Nikolai"]
[Result "0-1"]
[WhiteElo "2123"]
[BlackElo "2343"]
[PlyCount "104"]
[EventDate "2008.??.??"]

1. e4 c5 2. Nf3 d6 3. d4 cxd4 4. Nxd4 Nf6 5. Nc3 a6 6. Be2 e5 7. Nf3 Be7 8. Bg5
Nbd7 9. Qd2 b5 10. Nd5 Bb7 11. Nxe7 Qxe7 12. O-O-O Nc5 13. Bxf6 gxf6 14. Nh4
Nxe4 15. Qe3 Qe6 16. Bf3 f5 17. Kb1 O-O-O 18. g4 f4 19. Qe2 d5 20. a4 Qb6 21.
Bxe4 dxe4 22. Nf5 Kb8 23. axb5 axb5 24. Rhe1 f6 25. h3 Qc5 26. Rxd8+ Rxd8 27.
Rd1 Rxd1+ 28. Qxd1 Qd5 29. Qxd5 Bxd5 30. Kc1 Kc7 31. Kd2 Bc4 32. Ke1 Kd7 33. c3
Be6 34. Nh4 Kc6 35. Kd2 Kc5 36. Ng2 Bc4 37. b4+ Kd5 38. Ke1 Bd3 39. Nh4 Kc4 40.
Kd2 Bf1 41. Nf5 Kd5 42. h4 Bh3 43. Ng7 Bxg4 44. Ne8 f5 45. Nf6+ Ke6 46. Nxh7
e3+ 47. fxe3 fxe3+ 48. Kxe3 f4+ 49. Kf2 e4 50. Ng5+ Kf5 51. Nf7 e3+ 52. Ke1 f3
0-1